Normal view
MARC view
- APPLIED MULTIVARIATE STATISTICAL ANALYSIS
Entry Topical Term
001 - CONTROL NUMBER
- control field: 61482
003 - CONTROL NUMBER IDENTIFIER
- control field: NUST
005 - DATE AND TIME OF LATEST TRANSACTION
- control field: 20210628202747.0
008 - FIXED-LENGTH DATA ELEMENTS
- fixed length control field: 210628|| aca||aabn | a|a d
040 ## - CATALOGING SOURCE
- Original cataloging agency: NUST
- Transcribing agency: NUST
150 ## - HEADING--TOPICAL TERM
- Topical term or geographic name entry element: APPLIED MULTIVARIATE STATISTICAL ANALYSIS
670 ## - SOURCE DATA FOUND
- Source citation: Work cat.: (NUST): Johnson, Richard ..A Wichern, Dean . W 61481, Applied multivariate statistical analysis, 2005
